Pratical yoga / (Record no. 138569)

MARC details
000 -LEADER
fixed length control field 00543nam a22001817a 4500
005 - DATE AND TIME OF LATEST TRANSACTION
control field 20170330172033.0
010 ## - LCCN (DPL NO)
LC control number ENG-117652
020 ## - INTERNATIONAL STANDARD BOOK NUMBER
International Standard Book Number 9788178794884
Terms of availability 295.00
035 ## - SYSTEM CONTROL NUMBER
System control number EN-101184
037 ## - SOURCE OF ACQUISITION
Source of stock number/acquisition DABD/PUB
082 ## - DEWEY DECIMAL CLASSIFICATION NUMBER
Classification number 613.4
100 ## - MAIN ENTRY--PERSONAL NAME
Personal name Sharma, Sunil Kumar
245 ## - TITLE STATEMENT
Title Pratical yoga /
Statement of responsibility, etc by Sunil Kumar Sharma
260 ## - PUBLICATION, DISTRIBUTION, ETC. (IMPRINT)
Place of publication, distribution, etc New Delhi
Name of publisher, distributor, etc Sports Publication
Date of publication, distribution, etc 2008
270 ## - ADDRESS
Address 7/26, Ground Floor, Ansari Road, Daryaganj
City New Delhi
Postal code 110002
300 ## - PHYSICAL DESCRIPTION
Extent 137p. :
Dimensions 22cm(Hb)
Other physical details ill.
942 ## - ADDED ENTRY ELEMENTS (KOHA)
Source of classification or shelving scheme Dewey Decimal Classification
Item type English Books
Classification part 613.4
Call number suffix SHA
Holdings
Withdrawn status Lost status Not for loan Collection code Home library Current library Date acquired Source of acquisition Cost, normal purchase price Full call number Barcode Copy number Cost, replacement price Koha item type
      Non-fiction Patel Nagar Patel Nagar 30/03/2017 DBAD/PUB 295.00 613.4 SHA EN-101184 1 295.00 English Books

© Delhi Public Library
Hit Counter
free hit counter